Suomen suurimmat taajamat 1960 - Statistics

Yleistilastot
  • Tätä visaa on pelattu 119 kertaa
  • Keskiarvotulos 36 / 50
Vastaustilastot
Asukasluku Taajama % Oikein
470 006 Keskusta (Helsinki)
100%
54 929 Keskusta (Oulu)
99%
117 016 Keskusta (Turku)
97%
125 724 Keskusta (Tampere)
94%
40 303 Keskusta (Vaasa)
94%
21 728 Keskusta (Rovaniemi)
93%
25 092 Keskusta (Joensuu)
92%
40 098 Keskusta (Kuopio)
92%
8 786 Tapiola
90%
39 449 Keskusta (Jyväskylä)
89%
32 174 Keskusta (Lappeenranta/Lauritsala)
89%
13 254 Keskusta (Seinäjoki)
89%
23 000 Keskusta (Kemi)
88%
45 687 Keskusta (Pori)
88%
50 069 Keskusta (Lahti)
86%
18 834 Keskusta (Mikkeli)
86%
20 446 Keskusta (Rauma)
86%
27 382 Keskusta (Hämeenlinna)
85%
19 949 Keskusta (Kotka)
85%
18 405 Keskusta (Kouvola)
85%
6 426 Itäinen taajama (Savonlinna)
83%
14 969 Keskusta (Kajaani)
83%
13 160 Keskusta (Kokkola)
82%
18 026 Keskusta (Riihimäki)
82%
8 506 Keskusta (Savonlinna)
82%
11 294 Keskusta (Porvoo)
81%
10 755 Keskusta (Salo)
79%
10 468 Vuoksenniska
79%
7 494 Keskusta (Hamina)
78%
18 886 Keskusta-Tainionkoski (Imatra)
78%
19 294 Keskusta (Hyvinkää)
76%
8 907 Keskusta (Lohja)
74%
8 143 Keskusta (Iisalmi)
68%
11 728 Keskusta (Kerava)
68%
14 927 Keskusta (Varkaus)
67%
7 987 Keskusta (Hanko)
65%
10 379 Keskusta (Järvenpää)
65%
9 946 Keskusta (Pieksämäki)
58%
13 805 Keskusta (Pietarsaari)
56%
15 657 Keskusta (Nokia)
54%
9 527 Keskusta (Forssa)
50%
9 906 Keskusta (Heinola)
46%
6 657 Keskusta (Maarianhamina)
44%
13 054 Keskusta (Valkeakoski)
44%
6 621 Keskusta (Toijala)
33%
7 192 Voikkaa-Pilkanmaa
31%
12 081 Keskusta (Kuusankoski)
28%
9 940 Korso-Rekola
21%
18 596 Keskusta (Karhula)
17%
7 198 Vaajakoski
3%
Ehtoja vastaavia visoja ei löytynyt
Tulosjakauma
Jokaisen tuloksen saaneiden osuus
Persentiili vastausten määrän mukaan
Tuloshistoriasi
Et ole pelannut tätä visaa